MODERN NETWORK SYNTHESIS MICROWAVE RESEARCH INSTITUTE SYMPOSIA AT NETWORK APRIL 16, 17, 18, 1952 (Record no. 580207)

000 -LEADER
fixed length control field 00337nam a22001097a 4500
082 ## - DEWEY DECIMAL CLASSIFICATION NUMBER
Classification number 621.3192 MOD'P
100 ## - MAIN ENTRY--PERSONAL NAME
Personal name PROCEEDINGS OF THE SYMPOSIUM
9 (RLIN) 74706
245 ## - TITLE STATEMENT
Title MODERN NETWORK SYNTHESIS MICROWAVE RESEARCH INSTITUTE SYMPOSIA AT NETWORK APRIL 16, 17, 18, 1952
260 ## - PUBLICATION, DISTRIBUTION, ETC.
Place of publication, distribution, etc. NEWYORK
Name of publisher, distributor, etc. POLYTECHNIC
Date of publication, distribution, etc. 1952
300 ## - PHYSICAL DESCRIPTION
Extent VOL-1
942 ## - ADDED ENTRY ELEMENTS (KOHA)
Koha item type Book
Holdings
Withdrawn status Lost status Damaged status Not for loan Permanent Location Current Location Shelving location Date acquired Total Checkouts Full call number Barcode Date last seen Price effective from Koha item type
        College of Electrical & Mechanical Engineering (CEME) College of Electrical & Mechanical Engineering (CEME) General Stacks 05/09/2017   621.3192 MOD'P CEME-15405 06/28/2021 06/28/2021 Book
© 2023 Central Library, National University of Sciences and Technology. All Rights Reserved.